Harry Potter Deathly Hallows Characters Quiz Stats

 Plays Quiz Updated Apr 26, 2020

     
Support Sporcle.
Go Orange.
Score 0/207 Timer 15:00
5 Plays Today
Mentions Character % Correct
3,300Harry Potter
99.6%
1,192Ron Weasley
99.1%
1,236Hermione Granger
98.2%
124Ginny Weasley
96.5%
100Fred Weasley
96.5%
77George Weasley
96.4%
633Albus Dumbledore
96.3%
98Molly Weasley
95.6%
126Bill Weasley
95.2%
92Arthur Weasley
95.1%
552Voldemort
95.1%
102Fleur Delacour
94.4%
35Percy Weasley
94.1%
76Aberforth Dumbledore
93.9%
15Charlie Weasley
93.8%
50Ariana Dumbledore
93.3%
343Severus Snape
93.1%
22Kendra Dumbledore
92.7%
5Percival Dumbledore
92.6%
75Lily Potter
91.9%
46James Potter
91.9%
14James Sirius Potter
91.9%
7Lily Luna Potter
91.8%
95Draco Malfoy
91.7%
59Lucius Malfoy
90.9%
8Rose Weasley
90.7%
27Narcissa Malfoy
90.3%
3Hugo Weasley
90.2%
53Aunt Muriel
90.1%
2Victoire Weasley
89.2%
1Bilius Weasley
88.6%
70Sirius Black
88.5%
139Luna Lovegood
87%
93Neville Longbottom
86.1%
27Albus Severus Potter
85.8%
186Remus Lupin
85.7%
1Scorpius Malfoy
84.8%
173Rubeus Hagrid
84.4%
47Dobby
83.6%
11Teddy Lupin
83.1%
108Bellatrix Lestrange
83%
48Regulus Black
82.3%
124Xenophilius Lovegood
81.8%
74Nymphadora Tonks
81.7%
38Ted Tonks
81.7%
4Andromeda Tonks
81.6%
41Phineas Nigellus Black
81%
7Mrs. Black
80.8%
76Minerva McGonagall
76.5%
65Alastor Moody
76%
3Mr. Granger
73.3%
3Mrs. Granger
73.3%
1Augusta Longbottom
72.8%
128Kreacher
72.7%
48Dolores Umbridge
69.8%
39Dean Thomas
68.9%
12Seamus Finnigan
68.2%
53Dudley Dursley
68.2%
1Rodolphus Lestrange
67.8%
50Vernon Dursley
67.6%
52Petunia Dursley
67.6%
24Filius Flitwick
66.7%
23Gregory Goyle
66.5%
34Wormtail
65.9%
31Vincent Crabbe
65.5%
7Helena Ravenclaw
64.7%
55Kingsley Shacklebolt
63.5%
20Hedwig
63.4%
7Cho Chang
63.2%
Mentions Character % Correct
12Pomona Sprout
60.7%
16Rowena Ravenclaw
60.4%
1Katie Bell
60.1%
73Ollivander
60%
7Gabrielle Delacour
60%
76Bathilda Bagshot
58.7%
11Monsieur Delacour
58.7%
9Apolline Delacour
58.7%
128Griphook
58.4%
3Salazar Slytherin
58%
5Helga Hufflepuff
57.9%
45Godric Gryffindor
57.8%
1Cornelius Fudge
57.5%
13Horace Slughorn
57.4%
19Nagini
57.3%
56Mundungus Fletcher
56.9%
39Viktor Krum
56.2%
2Parvati Patil
54.9%
73Fenrir Greyback
54.4%
1Padma Patil
54.4%
14Alecto Carrow
54.3%
17Amycus Carrow
54.2%
65Rufus Scrimgeour
52.2%
3Lavender Brown
51.9%
4Colin Creevey
51.7%
71Gellert Grindelwald
51.3%
3Cedric Diggory
50.7%
8Nearly Headless Nick
50%
2Sybill Trelawney
49.9%
50Rita Skeeter
49.4%
1Angelina Johnson
48.1%
2Oliver Wood
45.9%
55Yaxley
45.5%
7Filch
44.8%
7Marvolo Gaunt
44.3%
1Barty Crouch
44.1%
14Grawp
43.7%
3Pansy Parkinson
43.7%
4Bloody Baron
43.5%
4Crookshanks
42.5%
8Fang
41.8%
3Tom
41.5%
48Gregorovitch
41.2%
11Ignotus Peverell
40.7%
3Firenze
40.7%
9Peeves
40.5%
1Cadmus Peverell
40.4%
1Antioch Peverell
40.3%
22Lee Jordan
40%
2Madam Pomfrey
39%
60Elphias Doge
38.5%
23Reg Cattermole
38%
31Mary Cattermole
37.9%
20Pius Thicknesse
37.7%
1Alicia Spinnet
37.6%
1Ellie Cattermole
37.6%
1Maisie Cattermole
37.6%
1Alfred Cattermole
37.6%
17Antonin Dolohov
37.1%
3Aragog
36.5%
1Buckbeak
36.3%
2Zacharias Smith
36%
1Hepzibah Smith
35.6%
4Pigwidgeon
35.5%
5Ernie Macmillan
34.9%
1Mrs. Norris
33.9%
14Stan Shunpike
33.5%
3Hannah Abbott
33.2%
2Bane
32.9%
Mentions Character % Correct
19Albert Runcorn
32.7%
3Igor Karkaroff
32.1%
13Mafalda Hopkirk
31.5%
1Fat Lady
31.2%
18Dedalus Diggle
31%
1Quirinus Quirrell
30.9%
1Cuthbert Binns
30.8%
9Charity Burbage
29.1%
5Norbert
27.1%
2Augustus Rookwood
26.8%
13Hestia Jones
26.2%
3Avery
26%
2Fawkes
25.5%
1Gwenog Jones
24.9%
7Michael Corner
24.5%
1Macnair
24.4%
39Travers
23.8%
1Borgin
22.3%
1Ronan
22.2%
17Scabior
22.1%
1Burke
22.1%
4Terry Boot
21.6%
22Dirk Cresswell
20.8%
1Armando Dippet
19.7%
1Sir Cadogan
19.4%
15Bogrod
19.1%
6Dawlish
18.9%
17Beedle the Bard
18.7%
1Madam Malkin
18.5%
1Magorian
18.4%
2Nicolas Flamel
16.4%
6Thorfinn Rowle
16.3%
1Penelope Clearwater
15.8%
8Gornuk
15.4%
1Dexter Fortescue
14.1%
2Roger Davies
14%
1Jimmy Peakes
13%
4Mulciber
12.8%
2Fabian Prewett
12.6%
1Anthony Goldstein
12.6%
5Selwyn
12.4%
3Dragomir Gorgovitch
11.4%
4Perkins
9.6%
1Dilys Derwent
8.1%
2Babbitty Rabbitty
8%
2Lancelot
7.5%
2Mary Macdonald
7.4%
1Celestina Warbeck
7.2%
1Emeric the Evil
7.2%
2Betty Braithwaite
7.1%
2Loxias
7%
1Odo
6.9%
1Bletchley
6.8%
1Livius
6.8%
1Ragnuk the First
6.8%
2Enid Smeek
6.7%
1Bowman Wright
6.7%
1Arcus
6.7%
1Egbert the Egregious
6.5%
1Wakanda
6.4%
1Arkie Alderton
6.4%
1Marius
6.4%
1Godelot
6.4%
2Ivor Dillonsby
6.4%
1Barnabas Finkley
6%
1Barnabas Deverill
6%
1Hereward
6%
1Bernie Pillsworth
5.9%
1Adalbert Waffling
5.8%

From the Vault

Best Picture, Actor, Actress, and Director

by bowu

Movies 20m
"First of all, I'd like to thank Sporcle..."
Remove Ads.
Support Sporcle.
Get the best of Sporcle when you Go Orange. This ad-free experience offers more features, more stats, and more fun while also helping to support Sporcle. Thank you for becoming a member.

Show Comments

Extras

Top Quizzes Today


Score Distribution

Your Account Isn't Verified!

In order to create a playlist on Sporcle, you need to verify the email address you used during registration. Go to your Sporcle Settings to finish the process.

Report this User

Report this user for behavior that violates our Community Guidelines.

Details: